| 000 | 00601nam a22001817a 4500 | ||
|---|---|---|---|
| 020 | _qHard Cover | ||
| 082 | _aBICSE-6 UMA | ||
| 100 | _aUmair Aziz and Zahra Ayub | ||
| 245 |
_aImplementation of ISMS ISO/IEC 27001:2005 at the NUST SEECS Data Center _cAziz, Umair and Ayub, Zahra |
||
| 260 |
_aIslamabad: _bSEECS NUST, _c2012. |
||
| 300 |
_a99 p. : _bill. ; _c30cm. |
||
| 563 | _ahbk | ||
| 650 | _aBICSE. | ||
| 700 |
_aDr. Fauzan and Dr. Awais _955229 |
||
| 856 | _uhttp://10.250.8.41:8080/xmlui/handle/123456789/11059 | ||
| 942 |
_2ddc _cPR |
||
| 999 |
_c566072 _d566072 |
||